[Event "As CC-ch B"]
[Site "As"]
[Date "2014.03.20"]
[Round "7"]
[White "Aasestad, Tor Erik"]
[Black "Aalmo, Alexander"]
[Result "1-0"]
[WhiteElo "876"]
[BlackElo "1098"]
[PlyCount "29"]
[EventDate "2014.01.16"]
[EventType "swiss"]
[EventRounds "9"]
[EventCountry "NOR"]
[SourceTitle "EXT 2024"]
[Source "ChessBase"]
[SourceDate "2023.10.10"]
[SourceVersion "1"]
[SourceVersionDate "2023.10.10"]
[SourceQuality "1"]

1. d4 g6 2. e4 Bg7 3. Nf3 d6 4. Nc3 Nc6 5. h3 e5 6. d5 Nce7 7. Bc4 f5 8. 0-0 fxe4 9. Ng5 Nf6 10. Re1 b6 11. a4 Bb7 12. Bb5+ c6 13. dxc6 Nxc6 14. Ne6 Qc7 15. Nxc7+ 1-0

[Event "As CC-ch B"]
[Site "As"]
[Date "2014.02.27"]
[Round "5"]
[White "Aasestad, Tor Erik"]
[Black "Lange, Christine Julia"]
[Result "1-0"]
[WhiteElo "876"]
[BlackElo "510"]
[PlyCount "67"]
[EventDate "2014.01.16"]
[EventType "swiss"]
[EventRounds "9"]
[EventCountry "NOR"]
[SourceTitle "EXT 2024"]
[Source "ChessBase"]
[SourceDate "2023.10.10"]
[SourceVersion "1"]
[SourceVersionDate "2023.10.10"]
[SourceQuality "1"]

1. e4 e5 2. Nf3 Nc6 3. Bb5 Nf6 4. 0-0 d6 5. Re1 Bd7 6. d4 Qe7 7. d5 Nb4 8. a4 c6 9. dxc6 bxc6 10. Bc4 d5 11. exd5 e4 12. dxc6 Nxc6 13. Nc3 Ne5 14. Nxe5 Qxe5 15. Nxe4 Be7 16. Nd6+ Bxd6 17. Rxe5+ Bxe5 18. Qe2 0-0 19. Qxe5 Rae8 20. Qd6 Re1+ 21. Bf1 Rfe8 22. Qa3 Ne4 23. Be3 Rxa1 24. Qxa1 Nd6 25. Bxa7 Ra8 26. Bc5 Rxa4 27. Qd1 Ne4 28. Qxd7 Ra8 29. Qc6 Rd8 30. Qxe4 g6 31. b4 Kg7 32. Qe5+ Kh6 33. Be3+ g5 34. Qxg5# 1-0